Titre d'Orelsan - Mort subite - Statistiques

Statistiques générales
  • Ce quiz a été pris 119 fois
  • Le résultat moyen est 6 sur 15
Answers on the Grid
Answers color-coded by a green-red scale on the quiz's grid according to % correct below.
Saint-Valentin
Notes pour plus tard
L’Odeur du pétrole
Le Chant des sirènes
Peur de l'échec
Changement
Plus rien ne m'impressionne
Suicide social
Paradis
Jour meilleur
Echec de famille
Rêves étranges
Dis-moi
La quête
Du propre
Seul avec du monde partout
Baise le monde
Casseurs Flowters Eternity
Tellement d'amis
Finir mal
Petit Poissons Dans une Grosse Mare
Logo Dans le Ciel
Entre Bon et Mauvais
La Petite Marchande de porte-clefs
Tout va mal
 
Statistiques - réponses
Réponse % Correct
La quête
61%
Suicide social
54%
Jour meilleur
50%
Le Chant des sirènes
50%
Paradis
48%
Du propre
44%
Peur de l'échec
44%
Saint-Valentin
43%
Baise le monde
39%
La Petite Marchande de porte-clefs
39%
Changement
35%
Finir mal
30%
Tellement d'amis
26%
Dis-moi
22%
Logo Dans le Ciel
20%
Aucun quiz correspondant
Distribution des résultats
% des personnes avec chaque résultat
Percentile par nombre de réponses
Votre historique - résultats
Vous n’avez pas pris ce quiz